000 00616nam a2200229Ia 4500
003 St Aloysius Coll
005 20251114174728.0
008 210423s2009 xx 000 0 und d
020 _a333934733
040 _cAL
041 _aEnglish
082 _a370.15
_bDANP
100 _aDandekar W N
_9245630
245 _aPsychological foundations of education
250 _a3
260 _aDelhi
_bMacmillan India Ltd
_c2009
300 _axii,493p.
_bPB
_c21x14cm.
365 _b290
_cINR
700 _aMakhija, Sanyoglata
_9245631
906 _aeducation. ; foundations ; Psychological
942 _2ddc
_cBK
999 _c159367
_d159367